00569cam a22002291 4500001001300000003000400013005001700017008004100034010001700075035002000092040001800112042001200130050002300142100003800165245002400203260001200227300001700239504003800256505000600294650002200300999001700322ne 66000328 DLC20260227111820.0890804m19581959xx 000 0 ara  ane 66000328  a(OCoLC)23516507 aDLCcMiUdDLC apremarc00aKRM1160b.Q23 19581 aQāḍī, Muḥammad Mukhtār.10aḤaqq al-mu'allif. c1958-59 a2 v.c24 cm. aBibliography: v. 1, p. [259]-261.1 a# 0aCopyrightzEgypt. c48697d48697